[Event "PCA"]
[Site "Moscow PCA"]
[Date "1994.??.??"]
[Round "1"]
[White "Ivanchuk, Vassily"]
[Black "Anand, Viswanathan"]
[Result "0-1"]
[WhiteElo "2710"]
[BlackElo "2715"]
[PlyCount "66"]
[EventDate "1994.??.??"]
[Source "www.chesslib.no"]
[SourceDate "2004.05.04"]

1. e4 c5 2. Nf3 Nc6 3. d4 cxd4 4. Nxd4 g6 5. c4 Nf6 6. Nc3 d6 7. Be2 Nxd4 8. Qxd4 Bg7 9. Be3 O-O 10. Qd2 Be6 11. O-O Qa5 12. Rac1 Rfc8 13. b3 a6 14. f4 b5 15. f5 Bd7 16. b4 Qxb4 17. e5 dxe5 18. fxg6 Be6 19. gxf7+ Bxf7 20. Bh6 Bxh6 21. Qxh6 Bxc4 22. Qg5+ Kh8 23. Rxf6 Rg8 24. Rh6 e6 25. Kh1 Rg6 26. g4 Rc8 27. Na4 Qe7 28. Rh4 Qd8 29. Qh5 Qg5 30. Rb1 Rf8 31. Rxb5 Rb8 32. Nb6 Re8 33. a3 Qf4 0-1

[Event "It (active)"]
[Site "It (active)"]
[Date "1994.??.??"]
[Round "2"]
[White "Kramnik, Vladimir"]
[Black "Anand, Viswanathan"]
[Result "1/2-1/2"]
[WhiteElo "2710"]
[BlackElo "2715"]
[PlyCount "27"]
[EventDate "1994.??.??"]
[Source "www.chesslib.no"]
[SourceDate "2004.05.04"]

1. Nf3 c5 2. c4 g6 3. d4 cxd4 4. Nxd4 Nc6 5. e4 Nf6 6. Nc3 d6 7. Be2 Nxd4 8. Qxd4 Bg7 9. Bg5 O-O 10. Qd2 a6 11. O-O Be6 12. b3 Qa5 13. Rad1 b5 14. Bxf6 1/2-1/2

[Event "BL 0607 TV Tegernsee - SF Katernberg"]
[Site "Germania"]
[Date "2007.03.18"]
[Round "13.1"]
[White "Volokitin, Andrei"]
[Black "Bu, Xiangzhi"]
[Result "1/2-1/2"]
[WhiteElo "2645"]
[BlackElo "2671"]
[PlyCount "49"]
[EventDate "2006.10.28"]
[Source "www.chesslib.no"]
[SourceDate "2004.05.04"]

1. e4 c5 2. Nf3 Nc6 3. d4 cxd4 4. Nxd4 g6 5. c4 Nf6 6. Nc3 d6 7. Be2 Nxd4 8. Qxd4 Bg7 9. Bg5 O-O 10. Qd2 Be6 11. Rd1 Qa5 12. O-O a6 13. Bxf6 Bxf6 14. Nd5 Qxd2 15. Nxf6+ Kg7 16. Nh5+ gxh5 17. Rxd2 b5 18. cxb5 axb5 19. a3 Rfb8 20. Bxh5 b4 21. axb4 Rxb4 22. f4 Ra2 23. f5 Bc4 24. f6+ exf6 25. Rb1 1/2-1/2

[Event "Tch (Men) 2005/2006 RUS"]
[Site "?"]
[Date "2006.04.21"]
[Round "2"]
[White "Alekseev Evgeny"]
[Black "Zvjaginsev Vadim"]
[Result "1/2-1/2"]
[WhiteElo "2640"]
[BlackElo "2670"]
[PlyCount "39"]
[EventDate "2006.??.??"]
[Source "www.chesslib.no"]
[SourceDate "2004.05.04"]

1. e4 c5 2. Nf3 Nc6 3. d4 cxd4 4. Nxd4 g6 5. c4 Nf6 6. Nc3 d6 7. Be2 Nxd4 8. Qxd4 Bg7 9. Be3 O-O 10. Qd2 Qa5 11. f3 Be6 12. Rc1 Rfc8 13. b3 Rab8 14. O-O Bd7 15. Rfd1 Bc6 16. Rc2 a6 17. a4 Nd7 18. Rb1 Qd8 19. Bf1 a5 20. Nd5 1/2-1/2

[Event "Dallas, TX"]
[Site "?"]
[Date "2000.02.06"]
[Round "5.2"]
[White "Yermolinsky Alex"]
[Black "Kudrin Sergey"]
[Result "1/2-1/2"]
[WhiteElo "2693"]
[BlackElo "2602"]
[PlyCount "66"]
[EventDate "2000.??.??"]
[Source "www.chesslib.no"]
[SourceDate "2004.05.04"]

1. Nf3 c5 2. c4 g6 3. d4 cxd4 4. Nxd4 Nc6 5. e4 Nf6 6. Nc3 d6 7. Be2 Nxd4 8. Qxd4 Bg7 9. Be3 O-O 10. Qd2 Be6 11. O-O-O Qa5 12. f3 Rfc8 13. b3 a6 14. Na4 Qxd2+ 15. Rxd2 Nd7 16. g4 f5 17. exf5 gxf5 18. h3 Rf8 19. f4 Rad8 20. g5 Nc5 21. Nb2 Bxb2+ 22. Kxb2 Ne4 23. Rc2 Bd7 24. Rd1 Bc6 25. c5 dxc5 26. Bxc5 Rxd1 27. Bxd1 Nxc5 28. Rxc5 h6 29. g6 Rf6 30. Be2 b6 31. Re5 a5 32. Kc3 e6 33. Bc4 Bd7 1/2-1/2

[Event "Groningen"]
[Site "Groningen"]
[Date "1995.??.??"]
[Round "8"]
[White "Svidler, Peter"]
[Black "Tiviakov, Sergei"]
[Result "1/2-1/2"]
[WhiteElo "2635"]
[BlackElo "2655"]
[PlyCount "43"]
[EventDate "1995.12.??"]
[Source "ChessBase"]

1. e4 c5 2. Nf3 Nc6 3. d4 cxd4 4. Nxd4 g6 5. c4 Nf6 6. Nc3 d6 7. Be2 Nxd4 8. Qxd4 Bg7 9. Bg5 O-O 10. Qe3 Be6 11. O-O Qb6 12. b3 Qxe3 13. Bxe3 Ng4 14. Bd2 Be5 15. g3 Nf6 16. f3 Rfc8 17. Rac1 a6 18. Rc2 Nd7 19. Kg2 Bd4 20. Rd1 Bg7 21. Be1 Rc7 22. Nd5 1/2-1/2

[Event "WchT 4th"]
[Site "Luzern"]
[Date "1997.10.26"]
[Round "2"]
[White "Short, Nigel D"]
[Black "Kortschnoj, Viktor"]
[Result "1/2-1/2"]
[WhiteElo "2660"]
[BlackElo "2610"]
[PlyCount "70"]
[EventDate "1997.10.??"]
[Source "ChessBase"]
[SourceDate "1998.01.31"]

1. e4 c5 2. Nf3 Nc6 3. d4 cxd4 4. Nxd4 g6 5. c4 Nf6 6. Nc3 d6 7. Be2 Nxd4 8. Qxd4 Bg7 9. Be3 O-O 10. Qd2 Be6 11. Rc1 Qa5 12. f3 Rfc8 13. b3 a6 14. Na4 Qxd2+ 15. Kxd2 Nd7 16. g4 Rc6 17. h4 Kf8 18. h5 Rac8 19. hxg6 hxg6 20. g5 Nc5 21. Nc3 b5 22. Nd5 bxc4 23. Bxc4 a5 24. Bb5 Bxd5 25. exd5 R6c7 26. Bc6 Kg8 27. Rc4 e6 28. Rhc1 Rd8 29. R1c2 exd5 30. Bxd5 Re7 31. Bd4 Rde8 32. Bxg7 Re2+ 33. Kc3 R8e3+ 34. Kb2 Kxg7 35. Rd4 Nd3+ 1/2-1/2

[Event "Cacak"]
[Site "?"]
[Date "1996.??.??"]
[Round "?"]
[White "Almasi, Z."]
[Black "Tiviakov, S."]
[Result "1/2-1/2"]
[WhiteElo "2655"]
[BlackElo "2615"]
[PlyCount "35"]
[EventDate "1996.??.??"]
[Source "ChessBase"]
[SourceDate "1997.02.01"]

1. e4 c5 2. Nf3 Nc6 3. d4 cxd4 4. Nxd4 g6 5. c4 Nf6 6. Nc3 d6 7. Be2 Nxd4 8. Qxd4 Bg7 9. O-O O-O 10. Qd3 Be6 11. Bd2 Nd7 12. b3 a5 13. Rac1 Nc5 14. Qe3 Bd7 15. f4 Bc6 16. Bf3 e6 17. Kh1 Qe7 18. Nb5 1/2-1/2

[Event "Groningen"]
[Site "?"]
[Date "1994.??.??"]
[Round "?"]
[White "Georgiev, Ki"]
[Black "Tiviakov, S."]
[Result "1/2-1/2"]
[WhiteElo "2615"]
[BlackElo "2640"]
[PlyCount "54"]
[EventDate "1994.??.??"]
[Source "ChessBase"]
[SourceDate "1994.10.01"]

1. e4 c5 2. Nf3 Nc6 3. d4 cxd4 4. Nxd4 g6 5. c4 Nf6 6. Nc3 d6 7. Be2 Nxd4 8. Qxd4 Bg7 9. Be3 O-O 10. Qd2 Be6 11. Rc1 Qa5 12. f3 Rfc8 13. b3 a6 14. Na4 Qxd2+ 15. Kxd2 Nd7 16. Rhd1 f5 17. exf5 gxf5 18. Ke1 Kf7 19. Nc3 Bxc3+ 20. Rxc3 b5 21. g4 fxg4 22. fxg4 bxc4 23. bxc4 Ne5 24. Rd4 Rab8 25. Rb3 Ra8 26. Rc3 Rab8 27. Rb3 Ra8 1/2-1/2

[Event "11 Open Aosta"]
[Site "Saint Vincent"]
[Date "2003.02.15"]
[Round "8"]
[White "Palac, Mladen"]
[Black "Tiviakov, Sergei"]
[Result "1/2-1/2"]
[WhiteElo "2591"]
[BlackElo "2635"]
[PlyCount "49"]
[EventDate "2003.02.08"]
[Source "Roberto Alvarez"]
[SourceDate "2003.02.17"]

1. e4 c5 2. Nf3 Nc6 3. d4 cxd4 4. Nxd4 g6 5. c4 Nf6 6. Nc3 d6 7. Be2 Nxd4 8. Qxd4 Bg7 9. Bg5 Be6 10. Rc1 O-O 11. Qd2 Qa5 12. f3 Rfc8 13. b3 a6 14. Na4 Qd8 15. Be3 Nd7 16. O-O Rab8 17. Ba7 Ra8 18. Be3 Rab8 19. Ba7 Ra8 20. Bd4 Bxd4+ 21. Qxd4 Qc7 22. f4 f6 23. Qe3 Rab8 24. f5 Bf7 25. fxg6 1/2-1/2

[Event "Sufe Cup"]
[Site "Shanghai"]
[Date "2000.03.11"]
[Round "9"]
[White "Ye Jiangchuan"]
[Black "Pigusov, Evgeny"]
[Result "1-0"]
[WhiteElo "2616"]
[BlackElo "2610"]
[PlyCount "147"]
[EventDate "2000.03.03"]
[Source "ChessBase"]
[SourceDate "2000.05.31"]

1. e4 c5 2. Nf3 Nc6 3. d4 cxd4 4. Nxd4 g6 5. c4 Nf6 6. Nc3 d6 7. Be2 Nxd4 8. Qxd4 Bg7 9. Be3 O-O 10. Qd2 Be6 11. O-O Qa5 12. Rab1 Rfc8 13. b3 Ng4 14. Nd5 Qxd2 15. Bxd2 Kf8 16. Bg5 Nf6 17. Nxf6 Bxf6 18. Bxf6 exf6 19. f4 Ke7 20. Rfd1 a5 21. Rd4 Ra6 22. Kf2 Rb6 23. Ke3 a4 24. b4 Rbc6 25. b5 Rc5 26. Rb4 Ra8 27. a3 b6 28. Kd2 f5 29. exf5 Bxf5 30. Bf3 Ra7 31. Kc3 Be6 32. Bc6 Bd7 33. Bxd7 Kxd7 34. Rb2 Rf5 35. Rbd2 Rf6 36. g4 Re6 37. R2d3 Ke7 38. f5 gxf5 39. gxf5 Rf6 40. Kb4 Ra8 41. Re4+ Kf8 42. Rh4 h6 43. Re4 Rd8 44. Rd5 Ra8 45. Kc3 Rc8 46. Kd4 Rc5 47. h3 Rc8 48. Ke3 Rc7 49. Kf4 Rc8 50. h4 Rc7 51. h5 Rc5 52. Kg4 Rc8 53. Kf3 Rc7 54. Ke3 Rc8 55. Kd3 Rc7 56. Kc3 Rc8 57. Kb4 Ra8 58. Re3 Ra7 59. Rd4 Ra8 60. Rf4 Ra7 61. Rd4 Ra8 62. Rf4 Ra7 63. Re2 Ra8 64. Rd4 Ra7 65. Rd5 Ra8 66. Re4 Ra7 67. Rd2 Ra8 68. Rd3 Ra7 69. Rde3 Ra8 70. Re7 Rb8 71. Rd7 Rxf5 72. Rxd6 Rxh5 73. Rf3 Rb7 74. Rff6 1-0

[Event "Olimpiadi 2008 - open"]
[Site "Dresda GER"]
[Date "2008.11.16"]
[Round "4"]
[White "Bu Xiangzhi"]
[Black "Stanojoski, Z."]
[Result "1-0"]
[WhiteElo "2714"]
[BlackElo "2502"]
[PlyCount "105"]
[EventDate "2008.11.13"]
[Source "www.chesslib.no"]
[SourceDate "2004.05.04"]

1. Nf3 c5 2. c4 Nf6 3. Nc3 Nc6 4. d4 cxd4 5. Nxd4 g6 6. e4 d6 7. Be2 Nxd4 8. Qxd4 Bg7 9. Bg5 O-O 10. Qd2 Be6 11. Rc1 Qa5 12. f3 Rfc8 13. b3 a6 14. Na4 Qxd2+ 15. Kxd2 Nd7 16. g4 f6 17. Be3 f5 18. exf5 gxf5 19. h3 Rf8 20. f4 Rad8 21. Nc3 d5 22. cxd5 Nf6 23. Bb6 Rd7 24. Ke3 Bxd5 25. Rhd1 fxg4 26. Nxd5 Nxd5+ 27. Rxd5 Rxd5 28. Bc4 e6 29. Bxd5 exd5 30. hxg4 d4+ 31. Ke4 Re8+ 32. Kd5 d3 33. Rd1 Re2 34. Rxd3 Rxa2 35. Ke6 Re2+ 36. Kf5 Re8 37. g5 Rf8+ 38. Kg4 h6 39. g6 h5+ 40. Kg5 h4 41. f5 Bf6+ 42. Kg4 Re8 43. Re3 Rc8 44. Re6 Kg7 45. Be3 h3 46. Bg5 Bxg5 47. Kxg5 h2 48. f6+ Kg8 49. Re1 a5 50. Kh6 b5 51. f7+ Kf8 52. Rf1 Ke7 53. Kg7 1-0

[Event "Aeroflot Open"]
[Site "Moscow"]
[Date "2004.02.21"]
[Round "5"]
[White "Rustemov, Alexander"]
[Black "Tregubov, Pavel V"]
[Result "1/2-1/2"]
[WhiteElo "2585"]
[BlackElo "2628"]
[PlyCount "110"]
[EventDate "2004.02.17"]
[Source "Roberto Alvarez"]
[SourceDate "2004.03.01"]

1. Nf3 c5 2. c4 Nc6 3. d4 cxd4 4. Nxd4 g6 5. e4 Nf6 6. Nc3 d6 7. Be2 Nxd4 8. Qxd4 Bg7 9. Be3 O-O 10. Qd2 Be6 11. Rc1 Qa5 12. f3 Rfc8 13. b3 a6 14. Na4 Qxd2+ 15. Kxd2 Nd7 16. g4 f5 17. exf5 gxf5 18. g5 d5 19. cxd5 Bxd5 20. Rhd1 b5 21. Nb6 Nxb6 22. Bxb6 h6 23. h4 hxg5 24. hxg5 Be5 25. Ke3 f4+ 26. Kf2 e6 27. Bd3 Kg7 28. Kg2 Kf7 29. Re1 Rxc1 30. Rxc1 Rh8 31. Bc7 Rh5 32. g6+ Kf6 33. Bd8+ Kg7 34. Be7 Rh8 35. Rc2 Re8 36. Bg5 Bd6 37. Bh4 Rh8 38. Bg5 a5 39. Rd2 a4 40. bxa4 bxa4 41. Be4 Rh5 42. Bd8 Bc5 43. Bb1 Re5 44. Rc2 Re1 45. Rxc5 Rxb1 46. Bc7 Rb2+ 47. Kh3 Rxa2 48. Rc3 Ra1 49. Bxf4 Kxg6 50. Bd6 Rd1 51. Bc5 Kf5 52. Kg3 Rd2 53. Be3 Re2 54. Bc5 Bb3 55. Rd3 Rc2 1/2-1/2

[Event "FRA-ch Pool A"]
[Site "Marsailles"]
[Date "2001.08.18"]
[Round "6"]
[White "Sokolov, Andrei"]
[Black "Degraeve, Jean Marc"]
[Result "1/2-1/2"]
[WhiteElo "2604"]
[BlackElo "2602"]
[PlyCount "29"]
[EventDate "2001.08.13"]
[Source "ChessBase"]
[SourceDate "2001.11.13"]

1. e4 c5 2. Nf3 Nc6 3. d4 cxd4 4. Nxd4 g6 5. c4 Nf6 6. Nc3 d6 7. Be2 Nxd4 8. Qxd4 Bg7 9. O-O O-O 10. Qe3 Be6 11. Bd2 Qb6 12. b3 Qxe3 13. Bxe3 Ng4 14. Bd2 Be5 15. Bxg4 1/2-1/2

[Event "Linares 71/166"]
[Site "?"]
[Date "1998.??.??"]
[Round "?"]
[White "Korneev, Oleg"]
[Black "Tiviakov, Sergei"]
[Result "0-1"]
[WhiteElo "2560"]
[BlackElo "2640"]
[PlyCount "102"]
[EventDate "1998.??.??"]
[Source "ChessBase"]
[SourceDate "1997.10.01"]

1. e4 c5 2. Nf3 Nc6 3. d4 cxd4 4. Nxd4 g6 5. c4 Nf6 6. Nc3 d6 7. Be2 Nxd4 8. Qxd4 Bg7 9. Be3 O-O 10. Qd2 Be6 11. O-O Qa5 12. Rab1 Rfc8 13. b3 Ng4 14. Bd4 Bxd4 15. Qxd4 Qc5 16. Qd3 Nf6 17. Kh1 Bd7 18. f4 a5 19. a4 Bc6 20. Nd5 Re8 21. Rbd1 Rad8 22. h4 Bxd5 23. cxd5 Qb4 24. Bf3 Rc8 25. Rc1 Rxc1 26. Rxc1 e5 27. dxe6 Rxe6 28. Kh2 d5 29. exd5 Qxf4+ 30. g3 Re3 31. gxf4 Rxd3 32. Kg3 Nxd5 33. Rc8+ Kg7 34. Rd8 Nxf4 35. Rxd3 Nxd3 36. Bxb7 f5 37. Kf3 Kf6 38. Ke3 Nc5 39. Bd5 Ke5 40. Bf7 f4+ 41. Kf3 Kf5 42. Bc4 h6 43. Kf2 g5 44. hxg5 hxg5 45. b4 axb4 46. a5 Ke4 47. a6 Nxa6 48. Bxa6 b3 49. Bc4 b2 50. Bf7 Kd3 51. Kf3 Kd2 0-1

[Event "Rostov"]
[Site "Rostov"]
[Date "1993.??.??"]
[Round "?"]
[White "Dolmatov, Sergey"]
[Black "Tiviakov, Sergei"]
[Result "1/2-1/2"]
[WhiteElo "2615"]
[BlackElo "2575"]
[PlyCount "62"]
[EventDate "1993.05.??"]
[Source "ChessBase"]

1. e4 c5 2. Nf3 Nc6 3. d4 cxd4 4. Nxd4 g6 5. c4 Nf6 6. Nc3 d6 7. Be2 Nxd4 8. Qxd4 Bg7 9. Bg5 O-O 10. Qe3 Be6 11. O-O Qb6 12. b3 Qxe3 13. Bxe3 Nd7 14. Rac1 Rfc8 15. Nd5 Kf8 16. f4 a5 17. f5 Bxd5 18. exd5 Bb2 19. Rc2 Ba3 20. Bh6+ Kg8 21. h4 Nf6 22. h5 gxh5 23. Rc3 Kh8 24. Rh3 b5 25. Bxh5 Nxh5 26. Rxh5 bxc4 27. bxc4 Bb2 28. Rh4 Bf6 29. Re4 Rab8 30. g4 Rb4 31. g5 Be5 1/2-1/2

[Event "Aeroflot Open"]
[Site "Moscow"]
[Date "2004.02.20"]
[Round "4"]
[White "Tkachiev, Vladislav"]
[Black "Vorobiov, Evgeny E"]
[Result "1/2-1/2"]
[WhiteElo "2642"]
[BlackElo "2544"]
[PlyCount "49"]
[EventDate "2004.02.17"]
[Source "Roberto Alvarez"]
[SourceDate "2004.03.01"]

1. c4 g6 2. e4 c5 3. Nf3 Nc6 4. d4 cxd4 5. Nxd4 Nf6 6. Nc3 d6 7. Be2 Nxd4 8. Qxd4 Bg7 9. Be3 O-O 10. Qd2 Be6 11. O-O Qa5 12. f3 Rfc8 13. Rfc1 a6 14. Rab1 Kf8 15. b3 Rab8 16. Ba7 Ra8 17. Bd4 Rab8 18. Kh1 Kg8 19. Bf1 Nd7 20. Bxg7 Kxg7 21. b4 Qe5 22. f4 Qf6 23. Nd5 Bxd5 24. exd5 a5 25. a3 1/2-1/2

[Event "NED-ch"]
[Site "Leeuwarden"]
[Date "2003.06.27"]
[Round "2"]
[White "Nijboer, Friso"]
[Black "Tiviakov, Sergei"]
[Result "1/2-1/2"]
[WhiteElo "2562"]
[BlackElo "2623"]
[PlyCount "92"]
[EventDate "2003.06.26"]
[Source "ChessBase"]
[SourceDate "2003.09.25"]

1. e4 c5 2. Nf3 Nc6 3. d4 cxd4 4. Nxd4 g6 5. c4 Nf6 6. Nc3 d6 7. Be2 Nxd4 8. Qxd4 Bg7 9. Be3 Be6 10. Rc1 O-O 11. Qd2 Qa5 12. f3 Rfc8 13. b3 a6 14. Na4 Qxd2+ 15. Kxd2 Nd7 16. g4 f5 17. exf5 gxf5 18. h3 Rf8 19. f4 Rad8 20. g5 Nc5 21. Nc3 Ne4+ 22. Nxe4 fxe4 23. Bg4 Bf5 24. Bb6 Rde8 25. Rhf1 e5 26. Bxf5 Rxf5 27. fxe5 Rfxe5 28. h4 e3+ 29. Ke2 Re4 30. h5 Bd4 31. Bxd4 Rxd4 32. Rcd1 Rh4 33. Rh1 Rg4 34. Rhg1 Rh4 35. Rh1 Rg4 36. Rh2 Rxg5 37. Rxd6 Rg1 38. Rd1 Rxd1 39. Kxd1 Kg7 40. h6+ Kg6 41. Ke2 a5 42. Rh3 Re6 43. c5 Re5 44. Rxe3 Rxc5 45. Re6+ Kf7 46. Rb6 Rc2+ 1/2-1/2